The collected works of C. G. Jung / (Record no. 21368)
[ view plain ]
| 000 -LEADER | |
|---|---|
| fixed length control field | 02162nam a2200265 4500 |
| 008 - FIXED-LENGTH DATA ELEMENTS--GENERAL INFORMATION | |
| fixed length control field | 041022m19539999nyua b 001 0 eng |
| 020 ## - INTERNATIONAL STANDARD BOOK NUMBER | |
| International Standard Book Number | 0691018707 :USD21.95/10.30 |
| 090 ## - LOCALLY ASSIGNED LC-TYPE CALL NUMBER (OCLC); LOCAL CALL NUMBER (OCLC) | |
| Classification number (OCLC) (R) ; Classification number, CALL (RLIN) (NR) | BF21 |
| Local cutter number (OCLC) ; Book number/undivided call number, CALL (RLIN) | J95c |
| 100 1# - MAIN ENTRY--PERSONAL NAME | |
| Personal name | Jung, C. G. |
| Fuller form of name | (Carl Gustav), |
| Dates associated with a name | 1875-1961. |
| 240 10 - UNIFORM TITLE | |
| Uniform title | Works. |
| Language of a work | English. |
| Date of a work | 1953. |
| Version | Pantheon/Princeton |
| 245 14 - TITLE STATEMENT | |
| Title | The collected works of C. G. Jung / |
| Statement of responsibility, etc | editors, Herbert Read, Michael Fordham, Gerhard Adler. |
| 260 ## - PUBLICATION, DISTRIBUTION, ETC. (IMPRINT) | |
| Place of publication, distribution, etc | New York : |
| Name of publisher, distributor, etc | Pantheon Books, |
| Date of publication, distribution, etc | 1953-<1992 > |
| 300 ## - PHYSICAL DESCRIPTION | |
| Extent | <v. 1-21; in 22 > : |
| Other physical details | ill. ; |
| Dimensions | 24 cm. |
| 490 1# - SERIES STATEMENT | |
| Series statement | Bollingen series ; |
| Volume number/sequential designation | 20 |
| 500 ## - GENERAL NOTE | |
| General note | [BSOP library has vol. 16]. |
| 500 ## - GENERAL NOTE | |
| General note | Includes second edition of some volumes. |
| 500 ## - GENERAL NOTE | |
| General note | Volumes published after 1966 have imprint: Princeton, N.J. : Princeton University Press. |
| 504 ## - BIBLIOGRAPHY, ETC. NOTE | |
| Bibliography, etc | Includes bibliographies. |
| 505 0# - FORMATTED CONTENTS NOTE | |
| Formatted contents note | v. 1. Psychiatric studies -- v. 2. Experimental researches -- v. 3. The psychogenesis of mental disease -- v. 4. Freud and psychoanalysis -- v. 5. Symbols of transformation -- v. 6. Psychological types -- v. 7. Two essays on analytical psychology -- v. 8. The structure and dynamics of the psyche -- v. 9. pt. 1. The archetypes and the collective unconscious; pt. 2. Aion, researches into the phenomenology of the self -- v. 10. Civilization in transition -- v. 11. Psychology and religion, West and East -- v. 12. Psychology and alchemy -- v. 13. Alchemical studies -- v. 14. Mysterium coniunctionis, an inquiry into the separation and synthesis of psychic opposites in alchemy -- v. 15. The spirit in man, art, and literature -- v. 16. The practice of psychotherapy -- v. 17. The development of personality -- v. 18. The symbolic life. Miscellaneous writings -- v. 19. General bibliography of C.G. Jung's writings / compiled by Lisa Ress -- v. 20. General index to The collected works of C.G. Jung / compiled by Barbara Forryan and Janet M. Glover -- supplementary v. A. The Zofingia lectures. |
| 650 #4 - SUBJECT ADDED ENTRY--TOPICAL TERM | |
| Topical term or geographic name as entry element | Psychoanalysis. |
| 951 ## - EQUIVALENCE OR CROSS-REFERENCE-GEOGRAPHIC NAME/AREA NAME [OBSOLETE] [CAN/MARC only] | |
| General subdivision | 00029347 |
| 700 1# - ADDED ENTRY--PERSONAL NAME | |
| Personal name | Adler, Gerhard, |
| Dates associated with a name | 1904- |
| 700 1# - ADDED ENTRY--PERSONAL NAME | |
| Personal name | Fordham, Michael, |
| Dates associated with a name | 1905- |
| 700 1# - ADDED ENTRY--PERSONAL NAME | |
| Personal name | Read, Herbert Edward, |
| Titles and other words associated with a name | Sir, |
| Dates associated with a name | 1893-1968. |
| 951 ## - EQUIVALENCE OR CROSS-REFERENCE-GEOGRAPHIC NAME/AREA NAME [OBSOLETE] [CAN/MARC only] | |
| -- | 27733 |
| -- | BF21/J95c-XVI |
| -- | 070613111419625 |
| -- | 2000-12-21 |
| -- | GC |
| Withdrawn status | Lost status | Damaged status | Not for loan | Home library | Current library | Shelving location | Date acquired | Accession number | Shelving control number | Total Checkouts | Full call number | Barcode | Date last seen | Price effective from | Koha item type |
|---|---|---|---|---|---|---|---|---|---|---|---|---|---|---|---|
| BSOP Library | BSOP Library | GC | 12/21/2000 | 27733 | 127 | BF21/J95c-XVI | 00029347 | 02/23/2013 | 02/23/2013 | Books |
